00706nam a2200241 a 4500001001300000003000900013005001700022008004100039020001000080082001700090100001900107245003600126260004400162300000900206500003500215505001000250650002900260650002500289902000800314942000700322952011800329999001700447nice12345678IN_TiNIC20260116013704.0050524s1996 lona grp 000 0 eng  ac43500a291.211bLEE aLeeming, David aGodb Myths of the Male Divine. aLondan bOxford University Press c1996 a196p aincludes index and biblioraphy2 aIndex aGod-Comparative Religion aComparative Religion bSRS cBK 001040708StackRoom-aHMIbHMId2007-07-19g435.00l0o291.211 LEEp017288r2007-07-19v435.00w2005-05-24yBK c11976d11976